000 00921nam a2200217 a 4500
008 120416s1989 ||||||||||||||||| || u
020 _a0521368626
050 _aHD 2757.2 She
100 _aSherman, Roger, 1930-
245 1 4 _aThe regulation of monopoly
260 _aCambridge
_bCambridge University Press
_c1989
300 _axi, 315p. : ill.
350 _a0.00
500 _a' ... useful in upper-level undergraduate courses as well as in graduate courses'--Pref. -Includes index. -Bibliography: p. 291-310.
650 0 _aWELFARE ECONOMICS
650 0 _aECONOMICS
650 _aMONOPOLIES--GOVERNMENT POLICY
856 _uhttp://www.loc.gov/catdir/toc/cam029/88014185.html
856 _uhttp://www.loc.gov/catdir/description/cam023/88014185.html
995 _D0.00
_FCBU-MAIN LIBRARY (Kitwe)
_H1
_I13.95
_M1
_UAVAILABLE
_ZAnnex Low-Usage Collection
999 _c55956
_d55956